Campeões Campeonato Carioca - Statistics

Estatísticas Gerais
  • Esse quiz foi jogado 10 781 vezes
  • A pontuação média é 6 de 8
Estatísticas das Respostas
Titulos Titulo Mais Recente Resposta % Correto
21 Titulos 2018 Botafogo
100%
37 Titulos 2021 Flamengo
100%
33 Titulos 2023 Fluminense
100%
24 Titulos 2016 Vasco da Gama
99%
2 Titulos 1966 Bangu
83%
7 Titulos 1960 América-RJ
76%
2 Titulos 1937 São Cristovão
31%
1 Titulo 1912 Paissandu
24%
Nenhum quiz correspondente encontrado
Distribuição das Pontuações
Porcentagem de Pessoas com Cada Pontuação
Percentil de Números Respondidos
Sua Pontuação Histórica
Você não jogou esse quiz